Parallel computer architecture : (Record no. 14522)

MARC details
000 -LEADER
fixed length control field 00877pam a2200253 a 4500
001 - CONTROL NUMBER
control field TB11973
003 - CONTROL NUMBER IDENTIFIER
control field IN-BhIIT
005 - DATE AND TIME OF LATEST TRANSACTION
control field 20260508184918.0
008 - FIXED-LENGTH DATA ELEMENTS--GENERAL INFORMATION
fixed length control field 980619s1999 caua b 001 0 eng
020 ## - INTERNATIONAL STANDARD BOOK NUMBER
ISBN 9788181471895 (pbk)
040 ## - CATALOGING SOURCE
Original cataloging agency IN-BhIIT
041 ## - LANGUAGE CODE
Language code of text eng
082 00 - DEWEY DECIMAL CLASSIFICATION NUMBER
Classification number 004.35
Book number CUL/P
100 1# - MAIN ENTRY--AUTHOR NAME
Personal name Culler, David E.
Relator term Author
245 10 - TITLE STATEMENT
Title Parallel computer architecture :
Sub Title a hardware/software approach /
Statement of responsibility, etc by David E. Culler, Jaswinder Pal Singh and Anoop Gupta.
260 ## - PUBLICATION, DISTRIBUTION, ETC. (IMPRINT)
Place of publication San Francisco :
Name of publisher Morgan Kaufmann Publishers,
Year of publication c1999.
300 ## - PHYSICAL DESCRIPTION
Number of Pages xxix, 1025 p. :
Other physical details(ill.) ill. ;
Dimensions(size) 25 cm.
504 ## - BIBLIOGRAPHY, ETC. NOTE
Bibliography, etc Includes bibliographical references and index.
650 #0 - SUBJECT ADDED ENTRY--TOPICAL TERM
Topical Term Parallel computers.
Topical Term Computer architecture.
700 1# - ADDED ENTRY--PERSONAL NAME
Personal name Singh, Jaswinder Pal.
Relator term Joint author
Personal name Gupta, Anoop.
Relator term Joint author
942 ## - ADDED ENTRY ELEMENTS (KOHA)
Koha item type Text Book
Koha issues (borrowed), all copies 2
Holdings
Withdrawn status Lost status Damaged status Not for loan Collection code Home library Current library Date acquired Source of acquisition Cost, normal purchase price Full call number Accession Number Cost, replacement price Price effective from Koha item type
Not withdrawn Not Lost not damaged     Central Library, IIT Bhubaneswar Central Library, IIT Bhubaneswar 09/12/2024 51 468.75 004.35 CUL/P TB11974 625.00 09/12/2024 Text Book
Not withdrawn Not Lost not damaged     Central Library, IIT Bhubaneswar Central Library, IIT Bhubaneswar 09/12/2024 51 468.75 004.35 CUL/P TB11975 625.00 09/12/2024 Text Book
Not withdrawn Not Lost not damaged     Central Library, IIT Bhubaneswar Central Library, IIT Bhubaneswar 09/12/2024 51 468.75 004.35 CUL/P TB11977 625.00 09/12/2024 Text Book
Not withdrawn Not Lost not damaged     Central Library, IIT Bhubaneswar Central Library, IIT Bhubaneswar 09/12/2024 51 468.75 004.35 CUL/P TB11976 625.00 09/12/2024 Text Book
Not withdrawn Not Lost not damaged     Central Library, IIT Bhubaneswar Central Library, IIT Bhubaneswar 09/12/2024 51 468.75 004.35 CUL/P TB11973 625.00 09/12/2024 Course Reserve

Central Library, Indian Institute of Technology Bhubaneswar, 4th Floor, Administrative Building, Argul, Khordha, PIN-752050, Odisha, India
Phone: +91-674-7138750 | Email: circulation.library@iitbbs.ac.in (For circulation related queries),
Email: info.library@iitbbs.ac.in (For other queries)